|
|
|
|
| LEADER |
01854nam a2200265 u 4500 |
| 001 |
10117584 |
| 003 |
upatras |
| 005 |
20210117205549.0 |
| 008 |
150921s2014 gr gre |
| 040 |
|
|
|a GR-PaULI
|c GR-PaULI
|
| 041 |
0 |
|
|a gre
|
| 082 |
1 |
4 |
|a 616.07
|2 23
|
| 100 |
1 |
|
|a Φίλου, Σεραφούλα
|9 146191
|
| 245 |
1 |
0 |
|a Η διερεύνηση του βιοχημικού ρόλου των ενζύμων της οικογένειας ADAMTS σε παθολογικές καταστάσεις
|b Study of the biochemical role of ADAMTSs in pathological processes
|c Σεραφούλα Φίλου; Πανεπιστήμιο Πατρών, Σχολή Θετικών Επιστημών, Τμήμα Χημείας, Τομέας Οργανικής Χημείας, Βιοχημείας και Φυσικών Προϊόντων
|
| 246 |
1 |
1 |
|a Study of the biochemical role of ADAMTSs in pathological processes
|
| 300 |
|
|
|a [16], 229 σ.
|b έγχ. εικ.
|c 30 εκ.
|
| 504 |
|
|
|a Περιλαμβάνει βιβλιογραφία
|
| 650 |
|
4 |
|a Κλινική βιοχημεία
|9 28368
|
| 700 |
1 |
|
|a Βύνιος, Δημήτριος
|4 oth
|9 130974
|
| 710 |
2 |
|
|9 2771
|a Πανεπιστήμιο Πατρών
|b Σχολή Επιστημών Υγείας
|b Τμήμα Ιατρικής
|e Σχολή Θετικών Επιστημών
|e Τμήμα Χημείας
|e Τομέας Οργανικής Χημείας, Βιοχημείας και Φυσικών Προϊόντων
|
| 852 |
|
|
|a GR-PaULI
|b ΠΑΤΡΑ
|b ΒΚΠ
|b ΑΝΕ
|k ΔΙΑΤΡΙΒΗ
|h 616.07 ΦΙΛ
|m 123510
|p 025000152998
|t 1
|
| 942 |
|
|
|2 ddc
|c BKTD
|
| 952 |
|
|
|0 0
|1 0
|4 0
|6 616_070000000000000_ΦΙΛ
|7 0
|9 184110
|a LISP
|b LISP
|c RES
|d 2016-04-24
|i 123510
|l 0
|o 616.07 ΦΙΛ
|p 025000152998
|r 2016-04-24 00:00:00
|t 1
|w 2016-04-24
|y BKTD
|
| 998 |
|
|
|c ΓΚΟΓΚΟΥ
|d 2015-09
|
| 999 |
|
|
|c 113505
|d 113505
|